5SOS- You Don't Go To Parties Lyrics - Statistics

General Stats
  • This quiz has been taken 89 times
    86 since last reset
  • The average score is 289 of 339
Answer Stats
Part of Song Lyric % Correct
a
100%
an
100%
anymore
100%
don't
100%
go
100%
I
100%
i
100%
parties
100%
to
100%
you
100%
I'm
98%
i'm
98%
'Cause
96%
'cause
96%
cause
96%
for
96%
for,
96%
And
95%
Chorus | Chrous and
95%
ever
95%
in
95%
lookin'
95%
my
95%
the
95%
who
95%
5
93%
AM,
93%
AM
93%
every
93%
is
93%
Intro it's
93%
its
93%
house
91%
clingin'
89%
everyone
89%
knew
89%
wonder
89%
couch
87%
me
87%
standin'
87%
we
85%
We
85%
five
84%
now
84%
Oh,
84%
oh,
84%
oh
84%
where
84%
last
82%
on
82%
still
82%
got
80%
think
78%
years
78%
about
76%
here
76%
were
76%
night,
75%
night
75%
darkness
73%
times
73%
too
73%
up
73%
back
71%
out
71%
runnin'
71%
started
71%
what
71%
caught
65%
come
65%
heavy
65%
late,
65%
heartless
64%
mouth
64%
starting
64%
fatal
62%
kick
62%
monster
62%
of
62%
stay
62%
that
62%
tragedy
62%
should
60%
undone
60%
Always
58%
always
58%
another
58%
lonely
58%
stupid
58%
left
55%
make
55%
trippin'
55%
dirt
53%
passionate
53%
attractions
51%
Racehorse
51%
accident
49%
all
49%
distractions
49%
not
49%
dumb
47%
Verse 2 lost
47%
off
47%
are
45%
been
45%
Took
45%
friends
44%
what's
44%
Vultures
42%
we've
42%
above
40%
foot
40%
spinnin'
40%
limit
38%
travelin'
38%
Mars,
35%
brake,
33%
No matching quizzes found
Score Distribution
Percent of People with Each Score
Percentile by Number Answered
Your Score History
You have not taken this quiz since the last reset